Agro's Dictionary of Dairy Science (Record no. 16677)
[ view plain ]
| 000 -LEADER | |
|---|---|
| fixed length control field | 00309nam a22001337a 4500 |
| 003 - CONTROL NUMBER IDENTIFIER | |
| control field | OSt |
| 005 - DATE AND TIME OF LATEST TRANSACTION | |
| control field | 20170105103447.0 |
| 008 - FIXED-LENGTH DATA ELEMENTS--GENERAL INFORMATION | |
| fixed length control field | 131204t xxu||||| |||| 00| 0 eng d |
| 020 ## - INTERNATIONAL STANDARD BOOK NUMBER | |
| International Standard Book Number | 81-7754-288-5 |
| 040 ## - CATALOGING SOURCE | |
| Transcribing agency | ASAB |
| 100 ## - MAIN ENTRY--PERSONAL NAME | |
| Personal name | Mohana Swamy |
| 9 (RLIN) | 405 |
| 245 ## - TITLE STATEMENT | |
| Title | Agro's Dictionary of Dairy Science |
| 942 ## - ADDED ENTRY ELEMENTS (KOHA) | |
| Source of classification or shelving scheme | |
| Koha item type | Book |
| Withdrawn status | Lost status | Source of classification or shelving scheme | Damaged status | Not for loan | Permanent Location | Current Location | Date acquired | Total Checkouts | Full call number | Barcode | Date last seen | Price effective from | Koha item type |
|---|---|---|---|---|---|---|---|---|---|---|---|---|---|
| Atta-ur-Rahman School of Applied Biosciences (ASAB) | Atta-ur-Rahman School of Applied Biosciences (ASAB) | 12/04/2013 | 637.01 SWA | ASAB625 | 12/04/2013 | 12/04/2013 | Book |
